|
|
แสดงรายละเอียดบรรณานุกรม |
|
|
Brief Record
: Get Marc (ISO 2709)
: E-mail record
: |
| LEADER 00000nama 2200000uu 4500 | |||
| 008 040531s2536 th m m a000 0 tha d | |||
| 041 tha | |||
| 050 WY156.5 น315 | |||
| 100 นวลจันทร์ รมณารักษ์ | |||
| 245 การพยาบาลผู้ป่วยที่มีความผิดปกติของตับ ทางเดินน้ำดีและตับอ่อน/นวลจันทร์ รมณารักษ์ 001 | |||
| 260 สงขลา ภาควิชาการพยาบาลอายุรศาสตร์ คณะพยาบาลศาสตร์ 2536 | |||
| 300 ก-ช,194 หน้า | |||
| 650 ตับ,โรค--การพยาบาล ทางเดินน้ำดี,โรค--การพยาบาลตับอ่อน,โรค--การพยาบาลการพยาบาลอายุรศาสตร์มหาวิทยาลัยสงขลานครินทร์ คณะพยาบาลศาสตร์ชื่อเรื่อง | |||
| 998 1998-12-14 | |||
| คุณยังไม่ได้ล็อกอิน คุณสามารถมีกิจกรรมร่วมกับเว็บไซต์ได้ แต่ต้องล็อกอินก่อน :: |
|
| สถานะ | |||||||||
| 1. | หนังสือทั่วไป | WY156.5 น315 2536 | On Shelf ขอยืม | ||||||
| 2. | หนังสือทั่วไป | WY156.5 น315 2536 | On Shelf ขอยืม | ||||||
| 3. | หนังสือทั่วไป | WY156.5 น315 2536 | On Shelf ขอยืม | ||||||
| 4. | หนังสือทั่วไป | WY156.5 น315 2536 | On Shelf ขอยืม | ||||||
| 5. | หนังสือทั่วไป | WY156.5 น315 2536 | On Shelf ขอยืม | ||||||
| 6. | หนังสือทั่วไป | WY156.5 น315 2536 | On Shelf ขอยืม | ||||||
| 7. | หนังสือทั่วไป | WY156.5 น315 2536 | On Shelf ขอยืม | ||||||
| [แสดง 7/7 รายการ] | |||||||||
BibComment |
| คอมเมนท์ทรัพยากรรายการนี้ |
|
|